000 00575cam a22002052 4500
001 0000003355
005 20151217155821.0
008 070503s xx 000 0 eng d
020 _a9966705309 :
040 _aKABU
_cKABU
050 0 _aJQ2947
_b.A56C6A5
100 1 _aAnassi, Peter.
_@0000148234
245 1 0 _aCorruption in Africa :
_bthe Kenyan experience.
260 _aNairobi :
_bDIALNET,
_c2004.
300 _a343 p.
650 0 _aCorruption
_zKenya.
_@0000153218
908 _a070503
950 _@1
999 _c12822
_d12822